<?xml version="1.0" encoding="UTF-8"?>
<collection xmlns="http://www.loc.gov/MARC21/slim">
 <record>
  <leader>01059nab a2200277 i 4500</leader>
  <controlfield tag="001">publ22798</controlfield>
  <controlfield tag="005">20211108085624.0</controlfield>
  <controlfield tag="008">211108s2021    hu      o     0||   Angol d</controlfield>
  <datafield tag="022" ind1=" " ind2=" ">
   <subfield code="a">2297-055X</subfield>
  </datafield>
  <datafield tag="024" ind1="7" ind2=" ">
   <subfield code="a">10.3389/fcvm.2021.703146</subfield>
   <subfield code="2">doi</subfield>
  </datafield>
  <datafield tag="024" ind1="7" ind2=" ">
   <subfield code="a">32470212</subfield>
   <subfield code="2">mtmt</subfield>
  </datafield>
  <datafield tag="040" ind1=" " ind2=" ">
   <subfield code="a">SZTE Publicatio Repozitórium</subfield>
   <subfield code="b">hun</subfield>
  </datafield>
  <datafield tag="041" ind1=" " ind2=" ">
   <subfield code="a">Angol</subfield>
  </datafield>
  <datafield tag="100" ind1="1" ind2=" ">
   <subfield code="a">Kormányos Árpád</subfield>
  </datafield>
  <datafield tag="245" ind1="1" ind2="0">
   <subfield code="a">Left Ventricular Rotational Abnormalities in Treated Hypopituitarism</subfield>
   <subfield code="h">[elektronikus dokumentum] :</subfield>
   <subfield code="b">Insights From the Three-Dimensional Speckle-Tracking Echocardiographic MAGYAR-Path Study /</subfield>
   <subfield code="c"> Kormányos Árpád</subfield>
  </datafield>
  <datafield tag="260" ind1=" " ind2=" ">
   <subfield code="c">2021</subfield>
  </datafield>
  <datafield tag="300" ind1=" " ind2=" ">
   <subfield code="a">Terjedelem: 7 p-Azonosító: 703146</subfield>
  </datafield>
  <datafield tag="490" ind1="0" ind2=" ">
   <subfield code="a">FRONTIERS IN CARDIOVASCULAR MEDICINE</subfield>
   <subfield code="v">8</subfield>
  </datafield>
  <datafield tag="650" ind1=" " ind2="4">
   <subfield code="a">Klinikai orvostan</subfield>
  </datafield>
  <datafield tag="700" ind1="0" ind2="1">
   <subfield code="a">Gyenes Nándor</subfield>
   <subfield code="e">aut</subfield>
  </datafield>
  <datafield tag="700" ind1="0" ind2="1">
   <subfield code="a">Horváth Ágnes</subfield>
   <subfield code="e">aut</subfield>
  </datafield>
  <datafield tag="700" ind1="0" ind2="1">
   <subfield code="a">Ambrus Nóra</subfield>
   <subfield code="e">aut</subfield>
  </datafield>
  <datafield tag="700" ind1="0" ind2="1">
   <subfield code="a">Lengyel Csaba Attila</subfield>
   <subfield code="e">aut</subfield>
  </datafield>
  <datafield tag="700" ind1="0" ind2="1">
   <subfield code="a">Valkusz Zsuzsanna</subfield>
   <subfield code="e">aut</subfield>
  </datafield>
  <datafield tag="700" ind1="0" ind2="1">
   <subfield code="a">Nemes Attila</subfield>
   <subfield code="e">aut</subfield>
  </datafield>
  <datafield tag="856" ind1="4" ind2="0">
   <subfield code="u">http://publicatio.bibl.u-szeged.hu/22798/1/KormanyosFront2021.pdf</subfield>
   <subfield code="z">Dokumentum-elérés </subfield>
  </datafield>
 </record>
</collection>
